000 00494nam a2200169Ia 4500
003 GCL
008 140319s9999 xx 000 0 ara d
040 _aGCL /
_cGCL
082 0 4 _a001.6404
_bا م
100 1 _aامين فهمى
245 1 0 _aالميكروكمبيوتر لتعليم الصغار /
_cامين فهمى
260 _a[S.N] :
_bدار الراتب الجامعية
300 _a181 ص
490 _a
650 0 4 _aالحاسبات الالكترونية
942 _2ddc
_cBK
999 _c53301
_d53301